00000000cas 2200000zi 4500
0019.960230
003CaOODSP
00520260529100052
006m     o  d f      
007cr cn ||||||||
008260220c20279999oncar p o    f0   b0fre|d
022 |a3111-1548
040 |aCaOODSP|bfre|erda|cCaOODSP
043 |an-cn---
0861 |aCi1-27/1F-PDF
1101 |aCanada. |bImmigration, réfugiés et citoyenneté Canada, |eauteur, |eorganisme de publication.
222 0|aPlan ministériel ... d’Immigration, réfugiés et citoyenneté Canada. Tableaux de renseignements supplémentaires
24510|aTableaux de renseignements supplémentaires : |bplan ministériel ... d'Immigration, réfugiés et citoyenneté Canada.
264 1|aOttawa (Ontario) Canada : |bImmigration, réfugiés et citoyenneté Canada = Immigration, Refugees and Citizenship Canada, |c[2021]-
310 |aAnnuel
336 |atexte|btxt|2rdacontent/fre
337 |ainformatique|bc|2rdamedia/fre
338 |aressource en ligne|bcr|2rdacarrier/fre
3621 |aParaît depuis : 2021/2022.
500 |aPublié aussi en anglais sous le titre :
588 |aDescription d'après : 2021/2022; titre de la page couverture du fichier PDF.
588 |aDernière livraison consultée : 2026/2027.
61016|aCanada. |bImmigration, réfugiés et citoyenneté Canada|xCrédits budgétaires et dépenses|vPériodiques.
651 6|aCanada|xÉmigration et immigration|xPolitique gouvernementale|vPériodiques.
655 7|aPériodiques|2rvmgf
77508|tSupplementary information tables : |w(CaOODSP)9.960229